000 00624nam a2200181 i 4500
001 142825
003 ES-MaACL
005 20250925063045.0
007 t|
008 071010s1962 sp ||||1| spa d
100 1 _aVicens Vives, Jaime,
_d1910-1960
_9114319
245 1 0 _aHistoria crítica de la vida y reinado de Fernando II de Aragón /
_cJaime Vicens Vives.
260 _aZaragoza :
_bInstitución "Fernando el Católico",
_c1962.
300 _a666 p. :
_b1 retr. autor ;
_c24 cm.
710 2 _aInstitución "Fernando el Católico"
_94721
852 _aES-MaACL
_jC-21876
_bR.50707
999 _c142825
_d142825